000 00367nam a22001217a 4500
999 _c5217
_d5217
008 250827b ||||| |||| 00| 0 eng d
020 _a9781742767789
082 _a823.92 PIC
100 _aPICHON,LIZ
_eAUTHOR
_lENGLISH
245 _aTOM GATES
_bEVERYTHING AMAZING(SORT OF)
260 _aEUSTON HOUSE.24 EVERSHOLT STREET LONDON NW1 1DB,UK
_bSCHOLASTIC
_c2012
942 _2ddc